[Event "Rated Rapid game"]
[Site "?"]
[Date "2021.05.08"]
[Round "?"]
[White "shayaniran"]
[Black "Delyvj"]
[Result "0-1"]
[WhiteElo "2288"]
[BlackElo "2411"]
[PlyCount "54"]
[EventDate "2021.??.??"]
[EventType "rapid"]

1. e4 e5 2. Nf3 d5 3. Nxe5 dxe4 4. Bc4 Qg5 5. Bxf7+ Ke7 6. d4 Qxg2 7. Rf1 Nf6
8. Be3 Nc6 9. Nxc6+ bxc6 10. Bc4 Bh3 11. Nc3 Qxh2 12. Qd2 Bxf1 13. Bxf1 Qh5 14.
Be2 Qh1+ 15. Bf1 Qf3 16. Be2 Qh1+ 17. Bf1 Nd5 18. O-O-O Qf3 19. Bg5+ Kf7 20.
Bc4 Qf5 21. Re1 Re8 22. Bf4 Bd6 23. Be5 Bxe5 24. Nxd5 cxd5 25. Bxd5+ Kf6 26.
Bxe4 Bf4 27. Bxf5 Rxe1# {Normal} 0-1

[Event "Rated Blitz game"]
[Site "?"]
[Date "2021.05.08"]
[Round "?"]
[White "IldarSal"]
[Black "Razario90"]
[Result "1-0"]
[WhiteElo "2417"]
[BlackElo "2405"]
[PlyCount "71"]
[EventDate "2021.??.??"]
[EventType "blitz"]

1. e4 e5 2. Nf3 d5 3. exd5 e4 4. Qe2 Nf6 5. Nc3 Be7 6. Nxe4 O-O 7. d3 Re8 8.
Be3 Nxd5 9. c4 Nb4 10. g3 Bf5 11. Nd4 Bg6 12. Bg2 c5 13. Nc2 Qxd3 14. Nxb4
Qxe2+ 15. Kxe2 cxb4 16. Rad1 Nc6 17. Rd7 Ne5 18. Rxb7 Nxc4 19. Rc1 Nxe3 20.
fxe3 Bxe4 21. Bxe4 Bf6 22. Kf3 Rab8 23. Rxa7 Bxb2 24. Rcc7 Rf8 25. Bd5 Kh8 26.
Rxf7 Rxf7+ 27. Rxf7 Bf6 28. Kf4 Bc3 29. e4 Re8 30. h4 h6 31. h5 Be5+ 32. Kf5
Bxg3 33. Be6 Be1 34. e5 Bc3 35. Rd7 Rf8+ 36. Bf7 {Time forfeit} 1-0

[Event "Rated Blitz game"]
[Site "?"]
[Date "2021.05.08"]
[Round "?"]
[White "maciejos95"]
[Black "pasha1984"]
[Result "1-0"]
[WhiteElo "2551"]
[BlackElo "2374"]
[PlyCount "87"]
[EventDate "2021.??.??"]
[EventType "blitz"]

1. e4 e5 2. Nf3 d5 3. exd5 e4 4. Qe2 Nf6 5. Nc3 Be7 6. Nxe4 Nxd5 7. d3 O-O 8.
Bd2 Re8 9. O-O-O f5 10. Nc3 Bf6 11. Qxe8+ Qxe8 12. Nxd5 Qc6 13. Nxf6+ Qxf6 14.
Bc3 Qa6 15. a3 Nc6 16. d4 Qa4 17. d5 Ne7 18. d6 cxd6 19. Rxd6 Bd7 20. b3 Qxa3+
21. Bb2 Qxd6 22. Kb1 Bc6 23. Ng5 h6 24. Bc4+ Bd5 25. Bxd5+ Nxd5 26. Nf3 Re8 27.
Nd4 Qf4 28. f3 Nb4 29. Bc3 Nc6 30. Nxc6 bxc6 31. Rd1 Re7 32. Rd8+ Kh7 33. h3
Qe3 34. Kb2 Qf2 35. g4 Re2 36. Bd4 Rxc2+ 37. Ka3 Ra2+ 38. Kb4 Qd2+ 39. Kc5 Rc2+
40. Kd6 Qb4+ 41. Kc7 Qxb3 42. Rd7 h5 43. Rxg7+ Kh6 44. g5# {Normal} 1-0

[Event "Rated Blitz game"]
[Site "?"]
[Date "2021.05.08"]
[Round "?"]
[White "lord_barre"]
[Black "KamranShirazi"]
[Result "0-1"]
[WhiteElo "2454"]
[BlackElo "2474"]
[PlyCount "66"]
[EventDate "2021.??.??"]
[EventType "blitz"]

1. e4 e5 2. Nf3 d5 3. exd5 e4 4. Qe2 Nf6 5. d3 Bb4+ 6. c3 O-O 7. dxe4 Bc5 8.
Bg5 c6 9. dxc6 Nxc6 10. Nbd2 Re8 11. O-O-O Qc7 12. Nb3 Bb6 13. Nfd2 Ng4 14. Bh4
a5 15. a4 Be6 16. h3 Nge5 17. f4 Ng6 18. Bg3 f5 19. Nc4 Nxf4 20. Qf3 Ne5 21.
Qxf4 Bxc4 22. Nd4 fxe4 23. Nb5 Qc5 24. Nd6 Nd3+ 25. Kb1 Bc7 26. Qg4 Bxd6 27.
Bxd6 Qxd6 28. Be2 Qb6 29. Bxd3 Bxd3+ 30. Kc1 Qb3 31. Rd2 Qa2 32. Rxd3 exd3 33.
Rd1 Re2 {Time forfeit} 0-1

[Event "Rated Blitz game"]
[Site "?"]
[Date "2021.05.08"]
[Round "?"]
[White "cyrilortega62"]
[Black "DonCroccante"]
[Result "1-0"]
[WhiteElo "2427"]
[BlackElo "2382"]
[PlyCount "71"]
[EventDate "2021.??.??"]
[EventType "blitz"]

1. e4 e5 2. Nf3 d5 3. exd5 e4 4. Ne5 Nf6 5. d4 Bd6 6. Nc3 c6 7. Bg5 Bf5 8. dxc6
Nxc6 9. Bc4 O-O 10. O-O Nxe5 11. dxe5 Bxe5 12. Qe2 h6 13. Bh4 Rc8 14. Bb3 g5
15. Bg3 Bxc3 16. bxc3 Rxc3 17. Rad1 Qb6 18. Rd6 Rc6 19. Rxc6 bxc6 20. h4 Rd8
21. hxg5 hxg5 22. Be5 Ng4 23. Bb2 c5 24. Qc4 Qg6 25. f3 exf3 26. gxf3 Be6 27.
Qc3 Rd4 28. Bxe6 Qxe6 29. Qe1 Ne3 30. Bxd4 cxd4 31. Qg3 f6 32. Rb1 Kg7 33. Rb7+
Kg6 34. Qh2 f5 35. Qh7+ Kf6 36. Qg7# {Normal} 1-0

[Event "Rated Blitz game"]
[Site "?"]
[Date "2021.05.08"]
[Round "?"]
[White "GrandeGila"]
[Black "liaqat321"]
[Result "0-1"]
[WhiteElo "2458"]
[BlackElo "2366"]
[PlyCount "62"]
[EventDate "2021.??.??"]
[EventType "blitz"]

1. e4 e5 2. Nf3 d5 3. exd5 e4 4. Qe2 Nf6 5. d3 Bb4+ 6. c3 O-O 7. cxb4 exf3 8.
Qxf3 Re8+ 9. Be2 Bg4 10. Qxg4 Nxg4 11. Nc3 Nf6 12. Bg5 h6 13. Bxf6 Qxf6 14. O-O
Nd7 15. Rfe1 Nb6 16. Bf3 Qd4 17. b5 Qxd3 18. Red1 Qc2 19. Rab1 Nc4 20. Rdc1 Qg6
21. Rd1 Re5 22. b3 Nd6 23. Kf1 Rae8 24. Rbc1 f5 25. g3 f4 26. g4 Qg5 27. Ne2
R8e7 28. a4 Ne4 29. Rc2 Rxd5 30. Rxd5 Qxd5 31. Nxf4 Nd2+ {Normal} 0-1

[Event "Rated Blitz game"]
[Site "?"]
[Date "2021.05.08"]
[Round "?"]
[White "Oncegood"]
[Black "chepukaitis1966"]
[Result "0-1"]
[WhiteElo "2414"]
[BlackElo "2282"]
[PlyCount "90"]
[EventDate "2021.??.??"]
[EventType "blitz"]

1. e4 e5 2. Nf3 d5 3. d4 dxe4 4. Nxe5 Bd6 5. Nc4 f5 6. Nc3 Nf6 7. Nb5 O-O 8.
Nbxd6 cxd6 9. Bf4 d5 10. Ne3 Nc6 11. c3 Qb6 12. b4 Be6 13. Be2 h6 14. h4 a5 15.
b5 Ne7 16. h5 Rac8 17. Qd2 Kh7 18. g3 a4 19. Rb1 Qa5 20. Rb4 b6 21. a3 Rfd8 22.
Bd1 Qa7 23. Rxa4 Qd7 24. Rb4 Ra8 25. a4 Nc8 26. Be5 Qf7 27. Qe2 Ne7 28. Ng2
Rdc8 29. Kd2 Ng4 30. Nf4 Ng8 31. f3 exf3 32. Qxf3 N8f6 33. Bc2 Ne4+ 34. Bxe4
dxe4 35. Qe2 Bc4 36. Qe1 Bxb5 37. Rxb5 Qa2+ 38. Kc1 Qxa4 39. Rb2 Qa1+ 40. Kc2
Qa4+ 41. Kc1 Qc4 42. Ne2 Ra1+ 43. Rb1 Rxb1+ 44. Kxb1 Ra8 45. Qd2 Ra5 {Time
forfeit} 0-1

[Event "Rated Blitz tournament may21bta"]
[Site "?"]
[Date "2021.05.08"]
[Round "?"]
[White "ilder"]
[Black "babageldi2277"]
[Result "0-1"]
[WhiteElo "2463"]
[BlackElo "2684"]
[PlyCount "80"]
[EventDate "2021.??.??"]
[EventType "blitz"]

1. e4 e5 2. Nf3 d5 3. exd5 e4 4. Nd4 Qxd5 5. Nb3 Nc6 6. Nc3 Qf5 7. Bb5 Nf6 8.
Nd4 Qg6 9. Nxc6 Qxg2 10. Rf1 a6 11. Ba4 b5 12. Nxb5 axb5 13. Bxb5 Bd6 14. Nd4+
Kf8 15. Qe2 Bh3 16. b3 c5 17. Nc6 h5 18. Bb2 Qxf1+ 19. Qxf1 Bxf1 20. Bxf1 Bxh2
21. a4 h4 22. Bh3 Nd5 23. O-O-O Rh5 24. Rh1 Bf4 25. Bg4 Rh6 26. Ne5 Bxe5 27.
Bxe5 Re8 28. Bb2 g5 29. a5 Ra6 30. Be2 Rxa5 31. Bc4 Nf4 32. Bf6 h3 33. Rh2 g4
34. Bg5 Ne6 35. Bh6+ Kg8 36. Be3 f5 37. Kb2 Kf7 38. Kc3 Kf6 39. Bh6 Rd8 40.
Bxe6 Kxe6 {Time forfeit} 0-1

[Event "Rated Blitz tournament may21bta"]
[Site "?"]
[Date "2021.05.08"]
[Round "?"]
[White "Candramawa_Meong"]
[Black "KamranShirazi"]
[Result "0-1"]
[WhiteElo "2410"]
[BlackElo "2470"]
[PlyCount "74"]
[EventDate "2021.??.??"]
[EventType "blitz"]

1. e4 e5 2. Nf3 d5 3. exd5 e4 4. Qe2 Nf6 5. d3 Bb4+ 6. c3 O-O 7. dxe4 Bc5 8.
Bg5 c6 9. dxc6 Nxc6 10. Nbd2 Re8 11. O-O-O Qc7 12. Bxf6 gxf6 13. Kb1 b5 14.
Qxb5 Bxf2 15. Bc4 Rb8 16. Qh5 Be3 17. Bb3 Na5 18. Bxf7+ Qxf7 19. Qxa5 Be6 20.
Rhf1 Qb7 21. b3 Rec8 22. Kb2 Bb6 23. Qh5 Qc7 24. Rc1 Be3 25. Rc2 a5 26. Re1 Bc5
27. e5 a4 28. exf6 axb3 29. axb3 Bf7 30. Qg5+ Bg6 31. Ne5 Qa5 32. f7+ Kg7 33.
f8=Q+ Bxf8 34. Ndc4 Rxc4 35. Qg3 Rxb3+ 36. Kxb3 Qb5+ 37. Ka2 Ra4# {Normal} 0-1

[Event "Rated Blitz game"]
[Site "?"]
[Date "2021.05.08"]
[Round "?"]
[White "Alex89DeLos23Andes89"]
[Black "DonCroccante"]
[Result "1-0"]
[WhiteElo "2416"]
[BlackElo "2389"]
[PlyCount "57"]
[EventDate "2021.??.??"]
[EventType "blitz"]

1. e4 e5 2. Nf3 d5 3. Nxe5 Bd6 4. d4 dxe4 5. Bc4 Bxe5 6. Qh5 Qe7 7. dxe5 Nc6 8.
Bb5 Bd7 9. Nc3 O-O-O 10. Bf4 f6 11. O-O-O fxe5 12. Bxc6 Bxc6 13. Rxd8+ Qxd8 14.
Rd1 Qe7 15. Bxe5 Nf6 16. Qh3+ Kb8 17. Bf4 a6 18. Kb1 h6 19. Be3 Re8 20. a3 Nd7
21. Qg4 Nc5 22. Qg6 Na4 23. Nxa4 Bxa4 24. Rd4 Bc6 25. Rb4 Qd7 26. Bf4 Qd1+ 27.
Ka2 Bd5+ 28. c4 Bc6 29. Qxc6 {Normal} 1-0

[Event "Rated Blitz tournament may21bta"]
[Site "?"]
[Date "2021.05.08"]
[Round "?"]
[White "Maurevert"]
[Black "KrAKeN_1"]
[Result "1-0"]
[WhiteElo "2608"]
[BlackElo "2497"]
[PlyCount "71"]
[EventDate "2021.??.??"]
[EventType "blitz"]

1. e4 e5 2. Nf3 d5 3. Nxe5 Bd6 4. d4 dxe4 5. Qh5 Qe7 6. Bc4 Bxe5 7. Qxe5 Qxe5
8. dxe5 Nc6 9. Bf4 Bf5 10. Nc3 Rd8 11. e6 fxe6 12. Bxc7 Rc8 13. Bf4 Nd4 14. Bb3
Nxb3 15. axb3 Nf6 16. Rxa7 e3 17. Bxe3 Bxc2 18. Rxb7 Ne4 19. Nxe4 Bxe4 20. Rxg7
Kf8 21. Bh6 Rc1+ 22. Bxc1 Kxg7 23. Bd2 Rb8 24. b4 Kf7 25. Bc3 Bxg2 26. Rg1 Be4
27. Kd2 Bg6 28. Ke3 Ke7 29. Ra1 Rb5 30. Ra7+ Kd6 31. f4 Rh5 32. Be5+ Kc6 33.
Kd4 Rxh2 34. Kc4 Rc2+ 35. Bc3 Rf2 36. b5+ {Normal} 1-0

[Event "Rated Blitz tournament may21bta"]
[Site "?"]
[Date "2021.05.08"]
[Round "?"]
[White "Uvall"]
[Black "KrAKeN_1"]
[Result "1-0"]
[WhiteElo "2603"]
[BlackElo "2503"]
[PlyCount "45"]
[EventDate "2021.??.??"]
[EventType "blitz"]

1. e4 e5 2. Nf3 d5 3. exd5 e4 4. Qe2 Nf6 5. Nc3 Be7 6. Nxe4 Nxd5 7. g3 O-O 8.
Bg2 Re8 9. O-O Bf8 10. Qc4 b5 11. Qxb5 Rxe4 12. Nh4 a6 13. Qd3 Re5 14. c4 Nc6
15. cxd5 Nb4 16. Qd4 Bd6 17. Qc3 Bb7 18. d4 Nxd5 19. Qb3 Rh5 20. Qxb7 Rb8 21.
Qc6 Nb4 22. Qc3 Qg5 23. Bxg5 {Normal} 1-0

[Event "Rated Blitz game"]
[Site "?"]
[Date "2021.05.08"]
[Round "?"]
[White "lord_barre"]
[Black "KamranShirazi"]
[Result "1-0"]
[WhiteElo "2454"]
[BlackElo "2474"]
[PlyCount "69"]
[EventDate "2021.??.??"]
[EventType "blitz"]

1. e4 e5 2. Nf3 d5 3. exd5 e4 4. Qe2 Nf6 5. d3 Bb4+ 6. c3 O-O 7. dxe4 Bc5 8.
Bg5 c6 9. c4 Re8 10. Nc3 Bb4 11. Nd2 cxd5 12. cxd5 Re5 13. f4 Rxg5 14. fxg5
Nfd7 15. Qe3 Bc5 16. Qg3 Qe7 17. O-O-O Ne5 18. Be2 Nbd7 19. Rhf1 Bd6 20. Qe3
Bc5 21. Qg3 a6 22. h4 Bd6 23. Nb3 Nb6 24. Qe3 Nbc4 25. Bxc4 Nxc4 26. Qe2 b5 27.
Nd4 Bd7 28. Nf5 Bxf5 29. exf5 Qc7 30. Kb1 Na3+ 31. Ka1 Rc8 32. Rc1 Nc4 33. Ne4
Be5 34. d6 Qc6 35. Rfd1 {Time forfeit} 1-0

[Event "Rated Blitz game"]
[Site "?"]
[Date "2021.05.08"]
[Round "?"]
[White "Nicah"]
[Black "DonCroccante"]
[Result "1-0"]
[WhiteElo "2455"]
[BlackElo "2386"]
[PlyCount "75"]
[EventDate "2021.??.??"]
[EventType "blitz"]

1. e4 e5 2. Nf3 d5 3. exd5 e4 4. Qe2 Nf6 5. d3 Qxd5 6. dxe4 Qxe4 7. Be3 Bf5 8.
Nd4 Bg6 9. Nc3 Bb4 10. Qb5+ Nc6 11. Nxc6 bxc6 12. Qc4 Qxc4 13. Bxc4 Bxc3+ 14.
bxc3 Bxc2 15. O-O O-O 16. Bd4 Nd7 17. Rfe1 Rfe8 18. f3 a5 19. Kf2 a4 20. Rac1
Bg6 21. g4 Nb6 22. Bf1 f6 23. h4 Bf7 24. h5 Bxa2 25. h6 a3 26. hxg7 Rxe1 27.
Rxe1 Bc4 28. Bxb6 Bxf1 29. Bd4 Bc4 30. g5 Kxg7 31. gxf6+ Kf7 32. Re7+ Kf8 33.
Bc5 Kg8 34. Rg7+ Kh8 35. Bd4 Rf8 36. f7 c5 37. Be5 Rg8 38. Rxg8# {Normal} 1-0

[Event "Rated Rapid game"]
[Site "?"]
[Date "2021.05.08"]
[Round "?"]
[White "ahmedesmail999"]
[Black "mario19968"]
[Result "0-1"]
[WhiteElo "2275"]
[BlackElo "2568"]
[PlyCount "20"]
[EventDate "2021.??.??"]
[EventType "rapid"]

1. e4 e5 2. Nf3 d5 3. exd5 e4 4. Qe2 Nf6 5. d3 Bb4+ 6. c3 O-O 7. cxb4 exf3 8.
Qxf3 Re8+ 9. Be2 Bg4 10. O-O Bxf3 {Normal} 0-1

[Event "Rated Blitz game"]
[Site "?"]
[Date "2021.05.08"]
[Round "?"]
[White "TheSettler"]
[Black "DonCroccante"]
[Result "1-0"]
[WhiteElo "2413"]
[BlackElo "2393"]
[PlyCount "39"]
[EventDate "2021.??.??"]
[EventType "blitz"]

1. e4 e5 2. Nf3 d5 3. Nxe5 Bd6 4. d4 dxe4 5. Nc4 Nf6 6. Nc3 Nc6 7. Bg5 Bf5 8.
Qd2 h6 9. Bf4 Bxf4 10. Qxf4 Nxd4 11. O-O-O c5 12. Nb5 Bg4 13. f3 exf3 14. Nc7+
Kf8 15. Nxa8 fxg2 16. Bxg2 Bxd1 17. Rxd1 Qxa8 18. Qd6+ Kg8 19. Qxc5 Ne6 20. Qe7
{Time forfeit} 1-0

[Event "Rated Rapid game"]
[Site "?"]
[Date "2021.05.08"]
[Round "?"]
[White "Rinat47"]
[Black "Delyvj"]
[Result "0-1"]
[WhiteElo "2236"]
[BlackElo "2411"]
[PlyCount "40"]
[EventDate "2021.??.??"]
[EventType "rapid"]

1. e4 e5 2. Nf3 d5 3. exd5 e4 4. Qe2 f5 5. d3 Qxd5 6. dxe4 fxe4 7. Nbd2 Bf5 8.
Ng5 Nc6 9. Ngxe4 O-O-O 10. f3 Nb4 11. Nb3 Nf6 12. Bg5 Qc6 13. Bxf6 Nxc2+ 14.
Kf2 gxf6 15. Rc1 Qb6+ 16. Kg3 Rg8+ 17. Kh4 Ne3 18. g4 Bxe4 19. fxe4 Rxg4+ 20.
Kh3 Qe6 {Normal} 0-1

[Event "Rated Blitz game"]
[Site "?"]
[Date "2021.05.08"]
[Round "?"]
[White "salviogrecoverdoni"]
[Black "DonCroccante"]
[Result "1-0"]
[WhiteElo "2451"]
[BlackElo "2374"]
[PlyCount "125"]
[EventDate "2021.??.??"]
[EventType "blitz"]

1. e4 e5 2. Nf3 d5 3. Bb5+ c6 4. Ba4 Bd6 5. exd5 e4 6. Qe2 Nf6 7. dxc6 O-O 8.
Nd4 Nxc6 9. Nxc6 bxc6 10. h3 a5 11. Bb3 Nd5 12. g3 Ba6 13. Bc4 Nb4 14. Na3 Re8
15. O-O Qd7 16. Kg2 Bb7 17. Qg4 Qe7 18. Kh2 Nd5 19. d3 Bc8 20. Qg5 Qe6 21. Qh5
g6 22. Qh6 Bf8 23. Qh4 Be7 24. Qh6 Qf6 25. dxe4 Nb6 26. Bd3 Bxa3 27. Bg5 Qxb2
28. Rab1 Qd4 29. Be3 Qe5 30. Rxb6 Bf8 31. Qf4 Qe6 32. Qh4 a4 33. Rfb1 Qxa2 34.
R6b2 Qe6 35. Bf1 a3 36. Rb3 a2 37. Ra1 Bg7 38. e5 Bxe5 39. Bd4 Bxd4 40. Qxd4
Bb7 41. Re3 Qd5 42. Rxe8+ Rxe8 43. Qxd5 cxd5 44. Rxa2 d4 45. Bg2 Bxg2 46. Kxg2
Rd8 47. Ra3 Kg7 48. Rd3 Rd7 49. c3 Re7 50. Rxd4 f6 51. Rd3 Rf7 52. Rf3 g5 53.
h4 f5 54. hxg5 Kg6 55. g4 h6 56. Rxf5 Re7 57. Rf6+ Kxg5 58. Rc6 Kxg4 59. f3+
Kg5 60. Kf2 Rd7 61. Rc5+ Kf6 62. Kg3 Re7 63. Rc6+ {Time forfeit} 1-0

[Event "Rated Blitz game"]
[Site "?"]
[Date "2021.05.08"]
[Round "?"]
[White "PhantomKinder"]
[Black "DonCroccante"]
[Result "1-0"]
[WhiteElo "2422"]
[BlackElo "2398"]
[PlyCount "77"]
[EventDate "2021.??.??"]
[EventType "blitz"]

1. e4 e5 2. Nf3 d5 3. d3 dxe4 4. dxe4 Qxd1+ 5. Kxd1 Nc6 6. c3 f5 7. Bb5 Bd7 8.
Re1 O-O-O 9. Kc2 f4 10. a4 Nf6 11. Nbd2 Bc5 12. Bxc6 Bxc6 13. Nxe5 Bxf2 14. Re2
Rxd2+ 15. Bxd2 Bxe4+ 16. Kb3 Bc5 17. Rf1 g5 18. h4 h6 19. hxg5 hxg5 20. Nf7
Bd5+ 21. c4 Bxf7 22. Bc3 Rh6 23. Re5 Rg6 24. Rxc5 Ne4 25. Rf5 Nd6 26. Rxf7 Nxf7
27. g3 Rb6+ 28. Kc2 Nh6 29. gxf4 g4 30. f5 Kd7 31. f6 Nf7 32. Rg1 Nh6 33. Rh1
Nf5 34. Rh5 Ke6 35. Rg5 g3 36. Kd3 Rd6+ 37. Ke4 Rd7 38. Rxf5 Rh7 39. Rg5 {
Normal} 1-0

[Event "Rated Blitz tournament may21bta"]
[Site "?"]
[Date "2021.05.08"]
[Round "?"]
[White "rightitsrafa"]
[Black "KrAKeN_1"]
[Result "0-1"]
[WhiteElo "2367"]
[BlackElo "2488"]
[PlyCount "24"]
[EventDate "2021.??.??"]
[EventType "blitz"]

1. e4 e5 2. Nf3 d5 3. exd5 e4 4. Qe2 Nf6 5. Nc3 Be7 6. Nxe4 Nxd5 7. d3 O-O 8.
Bd2 Re8 9. g3 f5 10. Nc3 Bf6 11. Ne4 fxe4 12. dxe4 Bf5 {Normal} 0-1

[Event "Rated Blitz game"]
[Site "?"]
[Date "2021.05.08"]
[Round "?"]
[White "MaoTao"]
[Black "greenbubbl_e"]
[Result "0-1"]
[WhiteElo "2542"]
[BlackElo "2612"]
[PlyCount "132"]
[EventDate "2021.??.??"]
[EventType "blitz"]

1. e4 e5 2. Nf3 d5 3. exd5 e4 4. Ne5 Qxd5 5. Nc4 Nf6 6. Ne3 Qe5 7. Nc3 Nc6 8.
Bb5 Bd7 9. O-O Bd6 10. g3 h5 11. d4 Nxd4 12. Bxd7+ Kxd7 13. Nc4 Qc5 14. Nxd6
cxd6 15. Be3 Nf3+ 16. Kg2 Qc6 17. Nxe4 Ne5 18. f3 Nxe4 19. fxe4 Qxe4+ 20. Rf3
Qxf3+ 21. Qxf3 Nxf3 22. Kxf3 a6 23. Rd1 Rae8 24. Bf4 Re6 25. c4 Kc6 26. b4 f6
27. h4 Rhe8 28. a4 b5 29. axb5+ axb5 30. cxb5+ Kxb5 31. Rd5+ Kxb4 32. Bxd6+ Kc4
33. Rd2 Rd8 34. Bf4 Rxd2 35. Bxd2 Kd3 36. Bf4 Rc6 37. Be3 Rc4 38. Bf4 Rc5 39.
Be3 Rd5 40. Bf4 g5 41. hxg5 fxg5 42. Bc1 Rf5+ 43. Kg2 Ke2 44. Ba3 g4 45. Bd6
Rf2+ 46. Kg1 Rf6 47. Be5 Rc6 48. Kg2 Ke3 49. Bf4+ Ke4 50. Bb8 Rc2+ 51. Kg1 Kf3
52. Be5 Rg2+ 53. Kh1 Rxg3 54. Bxg3 Kxg3 55. Kg1 h4 56. Kh1 h3 57. Kg1 Kh4 58.
Kh1 g3 59. Kg1 Kg4 60. Kh1 Kf3 61. Kg1 h2+ 62. Kh1 g2+ 63. Kxh2 Kf2 64. Kh3
g1=Q 65. Kh4 Qg6 66. Kh3 Qg3# {Normal} 0-1

[Event "Rated Blitz game"]
[Site "?"]
[Date "2021.05.08"]
[Round "?"]
[White "fankasp"]
[Black "anjaya01"]
[Result "1/2-1/2"]
[WhiteElo "2469"]
[BlackElo "2451"]
[PlyCount "102"]
[EventDate "2021.??.??"]
[EventType "blitz"]

1. e4 e5 2. Nf3 d5 3. exd5 Bd6 4. d4 e4 5. Ne5 Nf6 6. Nc3 O-O 7. Be2 Re8 8. Bf4
h6 9. O-O Nbd7 10. Bg3 a6 11. f4 exf3 12. Bxf3 Nxe5 13. dxe5 Bxe5 14. Bxe5 Rxe5
15. Qd4 Qd6 16. Rae1 Rxe1 17. Rxe1 Bd7 18. b4 b6 19. Be2 a5 20. a3 axb4 21.
axb4 Re8 22. Rd1 Re5 23. Bf3 g6 24. Ne2 Bf5 25. c4 Be4 26. c5 bxc5 27. bxc5
Qxd5 28. Qxd5 Rxd5 29. Rxd5 Bxd5 30. Bxd5 Nxd5 31. Nd4 Kf8 32. Kf2 Ke7 33. Kf3
f5 34. g4 Kf6 35. gxf5 gxf5 36. h4 Ne7 37. Kf4 Ng6+ 38. Kg3 Ke5 39. h5 f4+ 40.
Kg4 Ne7 41. Nf3+ Ke4 42. Nd2+ Ke3 43. Nc4+ Kd4 44. Nd6 cxd6 45. cxd6 Nc6 46.
Kxf4 Nd8 47. Kf5 Kd5 48. Kg6 Kxd6 49. Kxh6 Ke6 50. Kg7 Nf7 51. h6 Nxh6 {Normal}
1/2-1/2

[Event "Rated Blitz game"]
[Site "?"]
[Date "2021.05.08"]
[Round "?"]
[White "MityshevS"]
[Black "anjaya01"]
[Result "1-0"]
[WhiteElo "2342"]
[BlackElo "2421"]
[PlyCount "111"]
[EventDate "2021.??.??"]
[EventType "blitz"]

1. e4 e5 2. Nf3 d5 3. exd5 Bd6 4. d4 e4 5. Nfd2 Nf6 6. c4 O-O 7. Nc3 a6 8. c5
Bf4 9. Bc4 e3 10. Nf3 exf2+ 11. Kxf2 Ng4+ 12. Kg1 Be3+ 13. Bxe3 Nxe3 14. Qd3
Nxc4 15. Qxc4 Bg4 16. Rf1 Nd7 17. h3 Bh5 18. Kh2 Nf6 19. Rf2 Re8 20. Rhf1 b5
21. Qb3 Rb8 22. Ne5 b4 23. Nc6 bxc3 24. Nxd8 Rxb3 25. axb3 Rxd8 26. bxc3 Nxd5
27. c4 Nb4 28. d5 Bg6 29. Ra1 Rb8 30. Re2 h5 31. Re7 Rc8 32. Ra4 Nd3 33. c6 Nc5
34. Rb4 Kf8 35. Re1 Bc2 36. Re3 g5 37. Kg3 Bf5 38. Kf2 h4 39. Ke2 Be4 40. Kf2
f5 41. Rc3 Nd3+ 42. Rxd3 Bxd3 43. Ra4 Bc2 44. Ra3 Bxb3 45. Rxb3 Ke7 46. Ke3 Kd6
47. Kd4 f4 48. c5+ Ke7 49. Ke5 Rd8 50. Rb7 Kf8 51. Rxc7 Re8+ 52. Kd4 Re2 53.
Rc8+ Ke7 54. Ra8 Rxg2 55. d6+ Kf7 56. c7 {Time forfeit} 1-0

[Event "Rated Rapid game"]
[Site "?"]
[Date "2021.05.08"]
[Round "?"]
[White "ahmedibrahim1995"]
[Black "mario19968"]
[Result "0-1"]
[WhiteElo "2227"]
[BlackElo "2484"]
[PlyCount "28"]
[EventDate "2021.??.??"]
[EventType "rapid"]

1. e4 e5 2. Nf3 d5 3. exd5 e4 4. Qe2 Nf6 5. d3 Bb4+ 6. c3 O-O 7. cxb4 exf3 8.
Qxf3 Re8+ 9. Be2 Bg4 10. Qg3 Rxe2+ 11. Kf1 Qe8 12. Bd2 Re1+ 13. Bxe1 Qe2+ 14.
Kg1 Qxe1# {Normal} 0-1

[Event "Rated Rapid game"]
[Site "?"]
[Date "2021.05.08"]
[Round "?"]
[White "Gmjaknour"]
[Black "mario19968"]
[Result "1-0"]
[WhiteElo "2738"]
[BlackElo "2547"]
[PlyCount "39"]
[EventDate "2021.??.??"]
[EventType "rapid"]

1. e4 e5 2. Nf3 d5 3. exd5 e4 4. Qe2 Nf6 5. d3 Bb4+ 6. c3 O-O 7. dxe4 Nxe4 8.
Qxe4 Re8 9. Ne5 Nd7 10. Qxb4 Rxe5+ 11. Be2 Rxd5 12. O-O Ne5 13. Be3 Bg4 14. Bc4
Nxc4 15. Qxc4 Rd6 16. Qxg4 Rg6 17. Qh3 Qd6 18. Nd2 Re8 19. Ne4 Rxe4 20. Qc8+ {
Normal} 1-0

[Event "Rated Blitz game"]
[Site "?"]
[Date "2021.05.08"]
[Round "?"]
[White "Nicah"]
[Black "anjaya01"]
[Result "1-0"]
[WhiteElo "2420"]
[BlackElo "2443"]
[PlyCount "51"]
[EventDate "2021.??.??"]
[EventType "blitz"]

1. e4 e5 2. Nf3 d5 3. exd5 Bd6 4. Nc3 f5 5. d4 e4 6. Ne5 Nf6 7. Bc4 a6 8. a4
O-O 9. O-O Nbd7 10. f4 exf3 11. Nxf3 h6 12. Nh4 Ng4 13. Nf3 f4 14. h3 Ne3 15.
Bxe3 fxe3 16. Qd3 Nb6 17. Bb3 Bf4 18. Ne2 Nxd5 19. Qe4 Kh8 20. Qxd5 Bd6 21. Ne5
Bf5 22. Rxf5 Rxf5 23. Ng6+ Kh7 24. Qxf5 Qg5 25. Nf8+ Kh8 26. Qh7# {Normal} 1-0

[Event "Rated Blitz game"]
[Site "?"]
[Date "2021.05.08"]
[Round "?"]
[White "lord_barre"]
[Black "KamranShirazi"]
[Result "1-0"]
[WhiteElo "2444"]
[BlackElo "2485"]
[PlyCount "61"]
[EventDate "2021.??.??"]
[EventType "blitz"]

1. e4 e5 2. Nf3 d5 3. exd5 e4 4. Qe2 Nf6 5. d3 Bb4+ 6. c3 O-O 7. dxe4 Bc5 8.
Bg5 c6 9. Nbd2 cxd5 10. e5 Re8 11. O-O-O Nc6 12. Qb5 Bxf2 13. exf6 gxf6 14. Bh4
Be3 15. Bd3 a6 16. Qb3 b5 17. Bb1 Na5 18. Qc2 Re4 19. Rhe1 Qb6 20. Nd4 Nc4 21.
Rxe3 Nxe3 22. Qd3 Nxd1 23. Nxe4 dxe4 24. Qxe4 Bb7 25. Qxh7+ Kf8 26. Kxd1 Rd8
27. Qh6+ Ke7 28. Qe3+ Kf8 29. Bd3 Qd6 30. Kc2 Qe6 31. Nxe6+ {Normal} 1-0

[Event "Rated Blitz game"]
[Site "?"]
[Date "2021.05.08"]
[Round "?"]
[White "Joaquincel"]
[Black "KrAKeN_1"]
[Result "1-0"]
[WhiteElo "2361"]
[BlackElo "2521"]
[PlyCount "50"]
[EventDate "2021.??.??"]
[EventType "blitz"]

1. e4 e5 2. Nf3 d5 3. Nxe5 Bd6 4. d4 dxe4 5. Bc4 Bxe5 6. dxe5 Qxd1+ 7. Kxd1 Nc6
8. Bf4 Bf5 9. Nc3 Nge7 10. Re1 Ng6 11. Bg3 Ngxe5 12. Bb5 O-O-O+ 13. Ke2 h5 14.
Kf1 h4 15. Bxe5 Nxe5 16. Nxe4 h3 17. Ng3 hxg2+ 18. Kxg2 Ng6 19. Nxf5 Rd5 20.
Bd3 Nf4+ 21. Kg1 Nh3+ 22. Kf1 Kd8 23. Be4 Re5 24. Rad1+ Ke8 25. Bc6+ bxc6 {
Normal} 1-0

[Event "Rated Blitz tournament may21bta"]
[Site "?"]
[Date "2021.05.08"]
[Round "?"]
[White "Arad_Nazari"]
[Black "babageldi2277"]
[Result "1-0"]
[WhiteElo "2513"]
[BlackElo "2697"]
[PlyCount "143"]
[EventDate "2021.??.??"]
[EventType "blitz"]

1. e4 e5 2. Nf3 d5 3. exd5 e4 4. Qe2 Be7 5. Qxe4 Nf6 6. Qa4+ c6 7. dxc6 O-O 8.
Be2 Nxc6 9. O-O Re8 10. Nc3 a6 11. d4 Bf5 12. d5 Nb4 13. Nd4 Bg6 14. Bf3 Bc5
15. a3 Nbxd5 16. Nxd5 Nxd5 17. Qc4 Rc8 18. Qxd5 Bxd4 19. Qxd8 Rexd8 20. c3 Be5
21. Bxb7 Bd3 22. Bxc8 Bxf1 23. Kxf1 Rxc8 24. Be3 h5 25. Rd1 Rb8 26. Rd2 Kh7 27.
g3 Kg6 28. Ke2 Kf5 29. h3 g5 30. Kf3 g4+ 31. hxg4+ hxg4+ 32. Ke2 Ke4 33. Bd4 f6
34. Bxe5 fxe5 35. Kd1 Kf3 36. Re2 Rh8 37. c4 Rh1+ 38. Kd2 Rb1 39. Re3+ Kxf2 40.
Re2+ Kxg3 41. Kc2 Rf1 42. Rxe5 Rf6 43. b4 Kf3 44. Rg5 g3 45. c5 g2 46. Kb3 Re6
47. Ka4 Re4 48. Rxg2 Kxg2 49. Ka5 Re6 50. a4 Kf3 51. b5 axb5 52. axb5 Ke4 53.
b6 Kd5 54. b7 Re8 55. Kb6 Rf8 56. c6 Kd6 57. c7 Rf1 58. b8=Q Rb1+ 59. Ka7 Ra1+
60. Kb7 Rb1+ 61. Kc8 Rc1 62. Qb6+ Rc6 63. Kb7 Rxb6+ 64. Kxb6 Kd7 65. Kb7 Kd6
66. c8=Q Kd5 67. Qc7 Kd4 68. Qc6 Kd3 69. Kc7 Kd4 70. Kd6 Ke3 71. Qd5 Kf2 72.
Qe5 {Time forfeit} 1-0